| 000 | 00610nam a22001817a 4500 | ||
|---|---|---|---|
| 999 |
_c61436 _d61436 |
||
| 005 | 20240313144156.0 | ||
| 008 | 240313s1978 ru ||||| |||| 00| 0 rus d | ||
| 041 | _arus | ||
| 080 | _a930.24 П-86 | ||
| 100 |
_aПселл, Михаил _921415 |
||
| 245 |
_aХронография / _cМихаил Пселл. |
||
| 264 |
_aМосква : _bНаука, _c1978. |
||
| 300 |
_a319 с. _bил. ; _c 22 см. |
||
| 440 |
_aПамятники исторической мысли / АН СССР _921416 |
||
| 653 | _aბიზანტია | ||
| 653 | _aისტორია | ||
| 942 |
_2udc _cᲬᲘᲒᲜᲘ |
||